Normal view MARC view

Entry Nombre personal

Number of records used in: 7

001 - NÚMERO DE CONTROL

  • campo de control: 132919

003 - IDENTIFICADOR DE NÚMERO DE CONTROL

  • campo de control: SpMaBN

005 - FECHA Y HORA DE LA ÚLTIMA TRANSACCIÓN

  • campo de control: 20250726231734.0

008 - ELEMENTOS DE DATO DE LONGITUD-FIJA

  • campo de control de longitud fija: 960922nn aijnnaabn a aac

016 ## - NÚMERO DE CONTROL DE UNA AGENCIA BIBLIOGRÁFICA NACIONAL

  • Número de control del registro: BNE19998375834

040 ## - FUENTE DE CATALOGACIÓN

  • Centro catalogador/agencia de origen: SpMaBN
  • Lengua de catalogación: spa
  • Centro/agencia transcriptor: SpMaBN
  • Normas de descripción: rdc
  • Convención/Normas de encabezamiento de materia/tesauro: embne

046 ## - FECHAS CON CODIFICACIÓN ESPECIAL

  • Fecha de nacimiento: 1572
  • Fecha de la muerte: 1649

100 1# - ENCABEZAMIENTO-NOMBRE DE PERSONA

  • Nombre de persona: Strada, Famiano,
  • Fechas asociadas al nombre: 1572-1649

400 1# - TRAZADO DE VÉASE--NOMBRE DE PERSONA

  • Nombre de persona: Estrada, Famiano,
  • Fechas asociadas al nombre: 1572-1649

400 1# - TRAZADO DE VÉASE--NOMBRE DE PERSONA

  • Nombre de persona: Strada, Famianus,
  • Fechas asociadas al nombre: 1572-1649

400 1# - TRAZADO DE VÉASE--NOMBRE DE PERSONA

  • Nombre de persona: Strada, Famien,
  • Fechas asociadas al nombre: 1572-1649

670 ## - FUENTE DE DATOS ENCONTRADOS

  • Cita de la fuente: WWW LC auth. file, 5-XI-2001
  • Información encontrada: (Strada, Famiano, 1572-1649)